Regions of Countries Shared by Two or More Countries *3 - Statistics

General Stats
  • This quiz has been taken 321 times
  • The average score is 19 of 20
Answer Stats
Answer % Correct
Italy
99%
Canada
98%
United States
98%
Vatican City
98%
Ireland
97%
Malaysia
97%
United Kingdom
97%
Thailand
94%
Denmark
93%
Finland
93%
Germany
93%
Norway
93%
Russia
93%
Sweden
93%
Syria
92%
Lebanon
90%
Myanmar
87%
Namibia
86%
South Africa
86%
Botswana
85%
No matching quizzes found
Score Distribution
Percent of People with Each Score
Percentile by Number Answered
Your Score History
You have not taken this quiz